<?xml version="1.0" encoding="UTF-8"?>
<record
    xmlns:xsi="http://www.w3.org/2001/XMLSchema-instance"
    xsi:schemaLocation="http://www.loc.gov/MARC21/slim http://www.loc.gov/standards/marcxml/schema/MARC21slim.xsd"
    xmlns="http://www.loc.gov/MARC21/slim">

  <leader>01641nam a22001817a 4500</leader>
  <controlfield tag="008">120706t        xxu||||| |||| 00| 0 eng d</controlfield>
  <datafield tag="020" ind1=" " ind2=" ">
    <subfield code="a">0471134376</subfield>
  </datafield>
  <datafield tag="050" ind1=" " ind2=" ">
    <subfield code="a">QA76.76.O63 H19</subfield>
  </datafield>
  <datafield tag="100" ind1=" " ind2=" ">
    <subfield code="a">Hanley, Richard A.</subfield>
  </datafield>
  <datafield tag="245" ind1=" " ind2=" ">
    <subfield code="a">Netware migration: Methods, tools, and techniques for migrating to netware 4. /</subfield>
  </datafield>
  <datafield tag="260" ind1=" " ind2=" ">
    <subfield code="a">New York:</subfield>
    <subfield code="b">John Wiley &amp; Sons,</subfield>
    <subfield code="c">1996.</subfield>
  </datafield>
  <datafield tag="300" ind1=" " ind2=" ">
    <subfield code="a">xviii, 542 p.:</subfield>
    <subfield code="b">ill.;</subfield>
    <subfield code="c">24cm.</subfield>
  </datafield>
  <datafield tag="500" ind1=" " ind2=" ">
    <subfield code="a">Includes index.</subfield>
  </datafield>
  <datafield tag="505" ind1=" " ind2=" ">
    <subfield code="a">Contents: Why migrate? -- Architectural differences: How netware 3.1x and 4.x manage server memory -- New features of the 4.x file -- Netware 3's bindery and netware 4's NDS -- NDS objects -- NDS partitions and replicas -- Just passin' time: Time synchronization in netware 4 -- Security features of netware 4 -- Workstation architectures -- Administrative differences: Logging in (where am i) -- Using the netware administrator and netadmin -- Other new and dear departed utilities -- Printing in the netware 4 environment -- Partition management -- The Auditing functions of netware 4.1 -- The Conversion methodology: The Management mindset: the big picture -- Components of your migration document -- Phases of migration plan -- Planning your organization's directory tree: Developing NDS naming standards -- Migrating to the "promised LAN": Workstation modifications -- Using netsync and DS standard during your migration -- Installing netware 4.1 and using migrate -- Appendix A: NDS troubleshooting -- Appendix B: Systems turning netware 4 servers -- Appendix C: The Upcoming 32-Bit NIOS client.</subfield>
  </datafield>
  <datafield tag="650" ind1=" " ind2=" ">
    <subfield code="a">NetWare. </subfield>
  </datafield>
  <datafield tag="650" ind1=" " ind2=" ">
    <subfield code="a">Operating systems (Computers) </subfield>
  </datafield>
  <datafield tag="942" ind1=" " ind2=" ">
    <subfield code="2">lcc</subfield>
    <subfield code="c">BK</subfield>
  </datafield>
  <datafield tag="999" ind1=" " ind2=" ">
    <subfield code="c">1656</subfield>
    <subfield code="d">9156</subfield>
  </datafield>
  <datafield tag="952" ind1=" " ind2=" ">
    <subfield code="0">0</subfield>
    <subfield code="1">0</subfield>
    <subfield code="2">lcc</subfield>
    <subfield code="4">0</subfield>
    <subfield code="7">0</subfield>
    <subfield code="a">WIUC-1</subfield>
    <subfield code="b">WIUC-1</subfield>
    <subfield code="c">GEN</subfield>
    <subfield code="d">2012-07-06</subfield>
    <subfield code="l">0</subfield>
    <subfield code="o">QA76.76 .O63 H19</subfield>
    <subfield code="p">4791/12</subfield>
    <subfield code="r">2012-07-06 00:00:00</subfield>
    <subfield code="t">1</subfield>
    <subfield code="w">2012-07-06</subfield>
    <subfield code="y">BK</subfield>
  </datafield>
</record>
